000 00688nam a2200205Ii 4500
003 JO-AjNU
008 230605s9999||||xx |||||||||||||| ||und||
017 _a2004/9/5365
040 _aJO-AjNU
_bara
_erda
_cJO-AjNU
041 _aara
050 1 4 _aPJ7515.A5698 2004
100 3 _aغربي، فاطمة الزهراء (زهر العنابي),
_eauthor
_915441
245 0 0 _aالثالوث المقدس
264 3 1 _aإربد: الرومانتيك للأبحاث والدراسات، 2004
300 _a250ص
336 _atext
_btxt
_2rdacontent
337 _aunmediated
_bn
_2rdamedia
338 _avolume
_bnc
_2rdacarrier
650 4 _a الشعر العربي - الجزائر
_915442
999 _aA4362
_c7930
_d7930